000 01097cam a2200277 a 4500
999 _c64870
_d64870
001 12692187
003 ARRUPE
005 20170612101847.0
008 020305s2001 nr a b 001 0aeng
010 _a 2002316276
020 _a9781299320 (pbk.)
020 _a9781299401 (hardback)
040 _aDLC
_cDLC
043 _af-nr---
050 0 0 _aDT515.83.S53
_bA3 2001
100 1 _aShagari, Shehu Usman Aliyu,
_d1925-
_932511
245 1 0 _aShehu Shagari :
_bbeckoned to serve : an autobiography /
_cShehu Shagari.
260 _aIbadan :
_bHeinemann Educational Books (Nigeria),
_c2001.
300 _axv, 552 p. :
_bill. (some col.) ;
_c24 cm.
504 _aIncludes bibliographical references and index.
600 1 0 _aShagari, Shehu Usman Aliyu,
_d1925-
_932511
650 0 _aPresidents
_zNigeria
_vBiography.
_932524
651 0 _aNigeria
_xPolitics and government
_y1960-
_932498
906 _a7
_bcbc
_corignew
_d3
_encip
_f20
_gy-gencatlg
942 _2lcc
_cMONOGRAPH